000
00312nam a22001457a 4500
008
221014b ||||| |||| 00| 0 eng d
020
_a
9780874342635
041
_a
eng
080
_a
610.73
082
_a
610.73
100
_a
9
101
_a
INF
245
_a
GERIATIC CARE PLANS
_c
NEWMAN D
942
_2
udc
_c
BK
999
_c
58558
_d
58558